000 01015 a2200205 4500
003 Nust
005 20230526105354.0
010 _a 77027840
020 _a0133925552.
_a013392548X
040 _cNust
082 0 0 _a808.51,MCC
100 1 _aMcCullough, William J.
_9112682
245 1 0 _aHold your audience :
_bthe way to success in public speaking /
_cWilliam J. McCullough.
260 _aEnglewood Cliffs, N.J. :
_bPrentice-Hall,
_cc1978.
300 _axi, 282 p. ;
_c20 cm.
490 0 _aA Spectrum book
505 _aThe Musts of Effective Speaking (Page-1), The Don t Worries of Effective Speaking (Page-27), The Help Relating to Speech Organization (Page-55), The Helps Relating to Speech Attitudes (Page-104), The Hilps Relating to Speech Techniques (Page-125), The Avoids of Effective Speaking (Page-165), Anatomy of a public Speaker (Page-187), Methods of Instruction (Page-199), Special Speech Situation (Page-221), How to Imp row (Page-269).
650 0 _aPublic speaking.
_930004
942 _2ddc
_cBK
999 _c185999
_d185999